[Event "22nd ch-EUR Indiv 2022"]
[Site "Terme Catez SLO"]
[Date "2022.04.05"]
[Round "10.7"]
[White "Santos Latasa, Jaime"]
[Black "Yuffa, Daniil"]
[Result "1-0"]
[WhiteTitle "GM"]
[BlackTitle "GM"]
[WhiteElo "2648"]
[BlackElo "2576"]
[WhiteFideId "2293307"]
[BlackFideId "24131423"]
[EventDate "2022.03.27"]

1. e4 c5 2. Nf3 Nc6 3. Bb5 g6 4. Bxc6 bxc6 5. O-O Bg7 6. Re1 Nf6 7. e5 Nd5 8. c4
Nc7 9. Nc3 Ne6 10. d4 cxd4 11. Nxd4 O-O 12. Nxe6 fxe6 13. Qd4 Rf5 14. Bf4 c5 15.
Qe3 Qb6 16. Bg3 Bb7 17. Rad1 Bc6 18. b3 a5 19. Rd3 Ra7 20. h3 Rc7 21. f3 Rc8 22.
Qd2 Rd8 23. Nd1 Qb4 24. Qe3 a4 25. Nf2 axb3 26. axb3 Ra8 27. Red1 Ra2 28. h4 Qb8
29. Re1 Qb4 30. Ng4 Qb7 31. Rf1 Qb4 32. Rfd1 Qb7 33. R1d2 Rxd2 34. Qxd2 Qa7 35.
Kh2 Kh8 36. Qe3 Qa5 37. Rd1 Qa2 38. Rd2 Qa5 39. Nf2 Qa3 40. Ne4 Rxe5 41. Bxe5
Bxe5+ 42. g3 Bd4 43. Qf4 Qa8 44. Qf7 Bxe4 45. fxe4 d6 46. Qxe7 h5 47. Qxe6 Kh7
48. Qe7+ Kh8 49. Qxd6 Qxe4 50. Qf4 Qb1 51. Qf3 Kg7 52. Re2 Qg1+ 53. Kh3 Bf6 54.
Rd2 Bd4 55. Ra2 1-0

[Event "22nd ch-EUR Indiv 2022"]
[Site "Terme Catez SLO"]
[Date "2022.04.05"]
[Round "10.8"]
[White "Moussard, Jules"]
[Black "Martirosyan, Haik M."]
[Result "1/2-1/2"]
[WhiteTitle "GM"]
[BlackTitle "GM"]
[WhiteElo "2630"]
[BlackElo "2633"]
[WhiteFideId "642908"]
[BlackFideId "13306553"]
[EventDate "2022.03.27"]

1. e4 e5 2. Nf3 Nc6 3. Bb5 Nf6 4. O-O Nxe4 5. Re1 Nd6 6. Nxe5 Be7 7. Bf1 Nxe5 8.
Rxe5 O-O 9. d4 Bf6 10. Re1 Nf5 11. d5 d6 12. Nd2 h6 13. c3 Bd7 14. Bd3 a5 15.
Ne4 Be5 16. f4 Bf6 17. g4 Nh4 18. g5 hxg5 19. fxg5 Be5 20. Rf1 f5 21. gxf6 Bxf6
22. Qh5 g6 23. Qe2 Be7 24. Bh6 Rf5 25. Ng3 Rxf1+ 26. Rxf1 Bg5 27. Rf8+ Qxf8 28.
Bxf8 Rxf8 29. Be4 Bh3 30. Qd3 b6 31. a4 1/2-1/2

[Event "22nd ch-EUR Indiv 2022"]
[Site "Terme Catez SLO"]
[Date "2022.04.05"]
[Round "10.9"]
[White "Ter-Sahakyan, Samvel"]
[Black "Iskandarov, Misratdin"]
[Result "1/2-1/2"]
[WhiteTitle "GM"]
[BlackTitle "GM"]
[WhiteElo "2632"]
[BlackElo "2577"]
[WhiteFideId "13302531"]
[BlackFideId "13400312"]
[EventDate "2022.03.27"]

1. e4 e5 2. Nf3 Nc6 3. Bb5 a6 4. Ba4 Nf6 5. O-O Be7 6. Re1 b5 7. Bb3 O-O 8. a4
Bb7 9. d3 d6 10. Nbd2 Na5 11. Ba2 c5 12. Nf1 b4 13. Bd2 1/2-1/2

[Event "22nd ch-EUR Indiv 2022"]
[Site "Terme Catez SLO"]
[Date "2022.04.05"]
[Round "10.10"]
[White "Kobo, Ori"]
[Black "Anton Guijarro, David"]
[Result "1/2-1/2"]
[WhiteTitle "GM"]
[BlackTitle "GM"]
[WhiteElo "2510"]
[BlackElo "2694"]
[WhiteFideId "2812320"]
[BlackFideId "2285525"]
[EventDate "2022.03.27"]

1. Nf3 d5 2. g3 Nf6 3. Bg2 e6 4. c4 Be7 5. d4 O-O 6. Nc3 Nbd7 7. b3 dxc4 8. bxc4
c5 9. O-O cxd4 10. Qxd4 Nb6 11. Qf4 Nh5 12. Qe5 Nf6 13. Qf4 Nh5 14. Qe5 Nf6 1/2-1/2

[Event "22nd ch-EUR Indiv 2022"]
[Site "Terme Catez SLO"]
[Date "2022.04.05"]
[Round "10.12"]
[White "Deac, Bogdan-Daniel"]
[Black "Jobava, Baadur"]
[Result "1/2-1/2"]
[WhiteTitle "GM"]
[BlackTitle "GM"]
[WhiteElo "2679"]
[BlackElo "2588"]
[WhiteFideId "1226380"]
[BlackFideId "13601520"]
[EventDate "2022.03.27"]

1. d4 Nf6 2. c4 c6 3. Nc3 d5 4. Nf3 dxc4 5. a4 Bf5 6. Ne5 Nbd7 7. Nxc4 Nb6 8.
Ne5 a5 9. h4 h6 10. f3 Bh7 11. e4 e6 12. Be3 Nfd7 13. Nd3 Be7 14. Bf2 O-O 15.
Qb3 Qc7 16. O-O-O Rfc8 17. Kb1 Nf8 18. g4 Nbd7 19. Rc1 Qd8 20. Be2 b6 21. h5 Nb8
22. Rhd1 Na6 23. Ne5 Nb4 24. Na2 Qd5 25. Qc4 b5 26. axb5 cxb5 27. Qxd5 exd5 28.
Nxb4 Bxb4 29. Bd3 Rxc1+ 30. Rxc1 f6 31. Nc6 Ne6 32. Nxb4 axb4 33. Be3 dxe4 34.
Bxe4 Rd8 35. Rd1 Bxe4+ 36. fxe4 Nc5 37. d5 Nxe4 38. Rd4 f5 39. gxf5 Nd6 40. Rd3
Nxf5 41. Bb6 Rd7 42. Ka2 Kf7 43. Kb3 Ne7 44. d6 Nc6 45. Bc5 g5 46. hxg6+ Kxg6
47. Rd5 Kf6 48. Bxb4 Ke6 49. Rh5 Rf7 50. Rxh6+ Kd7 51. Bc5 Rf5 52. Rh7+ Ke6 53.
Rh6+ 1/2-1/2

[Event "22nd ch-EUR Indiv 2022"]
[Site "Terme Catez SLO"]
[Date "2022.04.05"]
[Round "10.13"]
[White "Areshchenko, Alexander"]
[Black "Mchedlishvili, Mikheil"]
[Result "1/2-1/2"]
[WhiteTitle "GM"]
[BlackTitle "GM"]
[WhiteElo "2670"]
[BlackElo "2584"]
[WhiteFideId "14109530"]
[BlackFideId "13600966"]
[EventDate "2022.03.27"]

1. e4 c5 2. Nf3 d6 3. Bb5+ Bd7 4. Bxd7+ Nxd7 5. O-O Ngf6 6. Qe2 e6 7. c3 Be7 8.
d4 O-O 9. Rd1 cxd4 10. cxd4 b5 11. Nbd2 Qb6 12. Nf1 Rfc8 13. Bf4 a6 14. Ng3 Rc7
15. d5 exd5 16. exd5 Bf8 17. Nd4 Re8 18. Qf3 Ne5 19. Bxe5 1/2-1/2

[Event "22nd ch-EUR Indiv 2022"]
[Site "Terme Catez SLO"]
[Date "2022.04.05"]
[Round "10.14"]
[White "Safarli, Eltaj"]
[Black "Tari, Aryan"]
[Result "1/2-1/2"]
[WhiteTitle "GM"]
[BlackTitle "GM"]
[WhiteElo "2589"]
[BlackElo "2653"]
[WhiteFideId "13402129"]
[BlackFideId "1510045"]
[EventDate "2022.03.27"]

1. e4 e5 2. Nf3 Nc6 3. Bb5 Nf6 4. d3 Bc5 5. Bxc6 dxc6 6. Bg5 Qd6 7. Nbd2 Be6 8.
a3 Ng4 9. Bh4 f6 10. b4 Bb6 11. Nc4 Qd7 12. h3 Nh6 13. Nxb6 1/2-1/2

[Event "22nd ch-EUR Indiv 2022"]
[Site "Terme Catez SLO"]
[Date "2022.04.05"]
[Round "10.15"]
[White "Moroni, Luca Jr"]
[Black "Shevchenko, Kirill"]
[Result "1-0"]
[WhiteTitle "GM"]
[BlackTitle "GM"]
[WhiteElo "2588"]
[BlackElo "2652"]
[WhiteFideId "865834"]
[BlackFideId "14129574"]
[EventDate "2022.03.27"]

1. d4 Nf6 2. c4 g6 3. g3 Bg7 4. Bg2 O-O 5. Nc3 d6 6. Nf3 c5 7. O-O Nc6 8. d5 Na5
9. Qd3 a6 10. Bd2 b5 11. b3 Rb8 12. e4 bxc4 13. bxc4 Bg4 14. Rac1 Rb2 15. Rb1
Rxb1 16. Nxb1 Nd7 17. Qc2 Qc7 18. Na3 Nb7 19. Rb1 Ra8 20. Qa4 Nd8 21. h3 Bxf3
22. Bxf3 h5 23. Bg2 Bd4 24. Rb3 Kg7 25. Kf1 Qc8 26. Nc2 e6 27. e5 Nxe5 28. f4
Nd7 29. dxe6 Nf6 30. Nxd4 cxd4 31. e7 Ne6 32. Qc6 Qxc6 33. Bxc6 Rc8 34. Rb6 Nc5
35. Bb4 Ne8 36. Bxe8 Rxe8 37. Rxd6 Ne6 38. Rxa6 h4 39. Kg2 d3 40. Ra3 hxg3 41.
Kxg3 Nd4 42. Bc3 1-0

[Event "22nd ch-EUR Indiv 2022"]
[Site "Terme Catez SLO"]
[Date "2022.04.05"]
[Round "10.16"]
[White "Ragger, Markus"]
[Black "Wagner, Dennis"]
[Result "1-0"]
[WhiteTitle "GM"]
[BlackTitle "GM"]
[WhiteElo "2647"]
[BlackElo "2584"]
[WhiteFideId "1610856"]
[BlackFideId "24650684"]
[EventDate "2022.03.27"]

1. e4 e5 2. Nf3 Nc6 3. Bc4 Bc5 4. d3 Nf6 5. O-O d6 6. c3 a6 7. a4 Ba7 8. Re1 O-O
9. h3 h6 10. Nbd2 Re8 11. b4 Be6 12. Bxe6 Rxe6 13. Qc2 Qd7 14. Rb1 b5 15. Ra1
Rae8 16. Nf1 d5 17. Bd2 Bb6 18. Ng3 Rd8 19. a5 Ba7 20. Rac1 dxe4 21. dxe4 Rd6
22. Be3 Bxe3 23. Rxe3 Rd1+ 24. Re1 Rxe1+ 25. Nxe1 Qd2 26. Qxd2 Rxd2 27. Kf1 g6
28. Nf3 Rd6 29. Ke2 Nd7 30. Nf1 Nd8 31. Ne3 Ne6 32. g3 c5 33. Nd5 Kg7 34. Rd1
cxb4 35. cxb4 Rc6 36. Ne3 Nef8 37. h4 h5 38. Rd2 f6 39. Ne1 Kf7 40. f4 exf4 41.
gxf4 Re6 42. Rd4 Nb8 43. f5 gxf5 44. exf5 Re7 45. Nd3 Nfd7 46. Rd6 Re4 47. Nc5
Rxb4 48. Nxd7 Rb2+ 49. Kf3 Ke7 50. Rxf6 Kxd7 51. Rb6 Nc6 52. f6 Rd2 53. Nf5 b4
54. f7 Ne5+ 55. Ke3 Nc4+ 56. Ke4 Re2+ 57. Kd3 1-0

[Event "22nd ch-EUR Indiv 2022"]
[Site "Terme Catez SLO"]
[Date "2022.04.05"]
[Round "10.18"]
[White "Petrosyan, Manuel"]
[Black "Can, Emre"]
[Result "1/2-1/2"]
[WhiteTitle "GM"]
[BlackTitle "GM"]
[WhiteElo "2637"]
[BlackElo "2578"]
[WhiteFideId "13300857"]
[BlackFideId "6302181"]
[EventDate "2022.03.27"]

1. d4 d5 2. Nf3 Nf6 3. c4 e6 4. e3 a6 5. b3 c5 6. Bb2 cxd4 7. exd4 Nc6 8. Nbd2
b6 9. Bd3 Be7 10. O-O O-O 11. a3 Bb7 12. Qe2 Re8 13. Rac1 Bf8 14. Rfd1 Rc8 15.
h3 Rc7 16. c5 bxc5 17. dxc5 a5 18. Nd4 Nd7 19. b4 axb4 20. Nxc6 Bxc6 21. axb4
Rb7 22. Bc3 Qb8 23. Rb1 d4 24. b5 Bd5 25. Bxd4 Bxc5 26. Ba1 Bf8 27. Ne4 Ne5 28.
Qh5 Ng6 29. g3 h6 30. Nc3 Bc5 31. Nxd5 exd5 32. Qf3 Ne5 33. Bxe5 Rxe5 34. Re1
Rb6 35. Rxe5 Qxe5 36. Qg4 g6 37. Qc8+ Bf8 38. Rc1 Kg7 39. Qc3 Bd6 40. Qxe5+ Bxe5
41. Kg2 Kf6 42. f4 Bd4 43. f5 gxf5 44. Rf1 Ke6 45. h4 Rb7 46. Bxf5+ Kd6 47. Bd3
Re7 48. Rf3 Re3 49. Rxe3 Bxe3 50. Kf3 1/2-1/2

[Event "22nd ch-EUR Indiv 2022"]
[Site "Terme Catez SLO"]
[Date "2022.04.05"]
[Round "10.19"]
[White "Asadli, Vugar"]
[Black "Svane, Rasmus"]
[Result "1/2-1/2"]
[WhiteTitle "GM"]
[BlackTitle "GM"]
[WhiteElo "2579"]
[BlackElo "2637"]
[WhiteFideId "13405764"]
[BlackFideId "4657101"]
[EventDate "2022.03.27"]

1. e4 e5 2. Nf3 Nc6 3. Bb5 a6 4. Ba4 Nf6 5. O-O Be7 6. Re1 b5 7. Bb3 O-O 8. h3
Bb7 9. d3 d5 10. exd5 Nxd5 11. Nbd2 Nd4 12. Nxe5 c5 13. c3 Nxb3 14. Nxb3 Qc7 15.
a4 Bd6 16. d4 Rae8 17. axb5 axb5 18. Nf3 c4 19. Nc5 Bxc5 20. dxc5 Qxc5 21. Nd4
b4 22. Bd2 Nf6 23. f3 bxc3 24. Bxc3 Nd5 25. Qd2 h6 26. Kh1 Nxc3 27. bxc3 Qd6 28.
Reb1 Bc8 29. Qf2 Be6 30. Ra5 Ra8 31. Rab5 Rfb8 32. Rxb8+ Rxb8 33. Rxb8+ Qxb8 34.
Qe3 Bd7 35. Kg1 Ba4 36. Kf2 Qb2+ 37. Kg3 Qb8+ 38. f4 Qb1 39. Qe2 Qg6+ 40. Kf2
Qf6 41. Qe4 Bd7 42. Kg3 Qd6 43. Qa8+ Kh7 44. Kf3 f5 45. Ke3 Qe7+ 46. Kd2 Qd6 47.
g3 Qc5 48. Qb7 Qd6 49. Kc2 Ba4+ 50. Kb2 Qg6 51. Ka3 Be8 52. Kb4 Qxg3 53. Qe7 Qg6
54. Qe5 Bf7 55. Kc5 Qa6 56. Qxf5+ Kg8 57. Nb5 Be6 58. Qe5 Qc8+ 59. Kd4 Bxh3 60.
Nd6 Qe6 61. Nxc4 1/2-1/2

[Event "22nd ch-EUR Indiv 2022"]
[Site "Terme Catez SLO"]
[Date "2022.04.05"]
[Round "10.20"]
[White "Livaic, Leon"]
[Black "Ponomariov, Ruslan"]
[Result "0-1"]
[WhiteTitle "IM"]
[BlackTitle "GM"]
[WhiteElo "2563"]
[BlackElo "2636"]
[WhiteFideId "14531534"]
[BlackFideId "14103320"]
[EventDate "2022.03.27"]

1. e4 c6 2. d4 d5 3. Nc3 dxe4 4. Nxe4 Nf6 5. Nxf6+ exf6 6. Bc4 Bd6 7. Qe2+ Qe7
8. Qxe7+ Kxe7 9. Ne2 Be6 10. Bd3 Na6 11. a3 Rhd8 12. c4 Nc7 13. Kd2 Kf8 14. Kc2
b5 15. c5 Be7 16. Be3 f5 17. a4 b4 18. b3 a5 19. Rad1 Nd5 20. h4 Ra7 21. Bc4
Rad7 22. Bg5 h6 23. Bxe7+ Kxe7 24. Bxd5 Bxd5 25. f3 Be6 26. h5 Kf6 27. g3 f4 28.
gxf4 Bf5+ 29. Kd2 Rd5 30. Rc1 Bc8 31. Ke3 Ba6 32. Ng3 Rxd4 33. Ne4+ Ke7 34. f5
Rd3+ 35. Kf4 Rxb3 36. Nd6 Kf8 37. Rhg1 Bd3 38. Rce1 Rb8 39. Re3 Rb1 40. Rg2 Rd1
41. Rb2 Ba6 42. Re4 Rd8 43. Rb3 Bd3 44. Re5 Rb8 45. Kg3 f6 46. Re6 Bc2 47. Rbe3
Rxd6 48. cxd6 Bxf5 49. Re7 b3 50. d7 Bxd7 51. Rxd7 b2 52. Re1 b1=Q 53. Rxb1 Rxb1
54. Ra7 Rg1+ 55. Kh4 Rg5 56. f4 Rd5 57. Ra6 Rc5 58. Ra7 f5 59. Rc7 Rc4 60. Kg3
Kg8 61. Kf3 Rxa4 62. Rxc6 Ra3+ 63. Kg2 a4 64. Rc5 Rb3 65. Rxf5 a3 66. Ra5 Kf7
67. Ra6 Rc3 68. Kf2 Ke7 69. Rg6 Kf7 70. Ra6 Rc2+ 71. Kg3 a2 72. Kg4 Ke7 73. Kf5
Rg2 74. Ke5 Kd7 75. Kd5 Kc7 76. Kc5 Rc2+ 77. Kb5 Kd7 78. Kb4 Ke7 79. Kb3 Rf2 80.
Kc3 Kd7 81. Kd3 Kc7 82. Ke3 Kb7 83. Ra3 Rh2 84. Kd4 Kc6 85. Ra8 Kb5 86. Kc3 Rf2
87. Ra7 Kb6 88. Ra8 Kc5 89. Ra5+ Kd6 90. Kd3 Kc6 91. Kc3 Kb6 92. Ra8 Kb5 93. Ra7
Rh2 94. Ra8 Kc6 95. Kd4 Rb2 96. Kc4 Rf2 97. Kd3 Kc5 98. Kc3 Kd5 99. Ra4 Rh2 100.
Kb3 Ke6 101. Ra5 Rxh5 102. Rxa2 Rc5 103. Ra6+ Kf5 104. Ra7 g5 105. fxg5 hxg5
106. Rh7 Kf4 0-1

[Event "22nd ch-EUR Indiv 2022"]
[Site "Terme Catez SLO"]
[Date "2022.04.05"]
[Round "10.21"]
[White "Kozak, Adam"]
[Black "Nguyen, Thai Dai Van"]
[Result "1/2-1/2"]
[WhiteTitle "GM"]
[BlackTitle "GM"]
[WhiteElo "2525"]
[BlackElo "2623"]
[WhiteFideId "753246"]
[BlackFideId "358878"]
[EventDate "2022.03.27"]

1. Nf3 c5 2. g3 g6 3. Bg2 Bg7 4. c4 Nc6 5. Nc3 d6 6. O-O Rb8 7. b3 Bf5 8. Bb2 e5
9. d3 Nge7 10. a3 O-O 11. Nd2 a6 12. b4 cxb4 13. axb4 Nxb4 14. Ba3 a5 15. Rb1
Nec6 16. Nd5 b5 17. Bxb4 Nxb4 18. Nxb4 axb4 19. Rxb4 bxc4 20. Rxb8 Qxb8 21. Nxc4
Be6 22. Ne3 Qb5 23. Qa1 e4 24. Qb1 Qxb1 25. Rxb1 exd3 26. exd3 Bd4 27. Rb4 Bc5
28. Rb1 Kg7 29. Kf1 h5 30. Rb7 Kh6 31. Nc2 Bc8 32. Rb8 Kg7 33. Kg1 Ba6 34. Rxf8
Kxf8 35. Bf1 Bb7 36. Bg2 Bc8 37. Kf1 Ke7 1/2-1/2

[Event "22nd ch-EUR Indiv 2022"]
[Site "Terme Catez SLO"]
[Date "2022.04.05"]
[Round "10.22"]
[White "Kramer, Julian"]
[Black "Ivic, Velimir"]
[Result "1-0"]
[WhiteTitle "IM"]
[BlackTitle "GM"]
[WhiteElo "2423"]
[BlackElo "2610"]
[WhiteFideId "12921742"]
[BlackFideId "950122"]
[EventDate "2022.03.27"]

1. e4 c5 2. Nf3 Nc6 3. Bb5 e6 4. O-O Nge7 5. d4 cxd4 6. Nxd4 Ng6 7. Be3 Qc7 8.
Re1 a6 9. Bf1 Be7 10. Nf5 exf5 11. exf5 d5 12. fxg6 hxg6 13. g3 Be6 14. Nd2
O-O-O 15. c3 d4 16. cxd4 Bd5 17. Qg4+ Kb8 18. Bg2 Qa5 19. Nb3 Qb5 20. h4 Ka8 21.
Bg5 f6 22. Bd2 Bxg2 23. Kxg2 g5 24. hxg5 fxg5 25. Bc3 Qd5+ 26. Qe4 Qf7 27. Rh1
Rhf8 28. Rhf1 Rd5 29. Rae1 Bd6 30. g4 Ne7 31. f4 gxf4 32. Kf3 Rd8 33. Qe6 Qf8
34. Nd2 Rb5 35. a4 Rb6 36. Ba5 Rxb2 37. Nc4 Nc6 38. Re4 Qh8 39. Nxb2 Qh2 40.
Bxd8 Qxb2 41. Qxd6 1-0

[Event "22nd ch-EUR Indiv 2022"]
[Site "Terme Catez SLO"]
[Date "2022.04.05"]
[Round "10.23"]
[White "Bernadskiy, Vitaliy"]
[Black "Sivuk, Vitaly"]
[Result "1-0"]
[WhiteTitle "GM"]
[BlackTitle "GM"]
[WhiteElo "2606"]
[BlackElo "2518"]
[WhiteFideId "14100371"]
[BlackFideId "14116502"]
[EventDate "2022.03.27"]

1. c4 e6 2. Nc3 d5 3. d4 Nf6 4. cxd5 exd5 5. Bg5 c6 6. e3 Be7 7. Bd3 O-O 8. Qc2
Nbd7 9. h3 Re8 10. Bf4 Nf8 11. Nf3 Bd6 12. Bxd6 Qxd6 13. O-O-O Be6 14. g4 Rac8
15. Kb1 b5 16. Nd2 a6 17. Nb3 N6d7 18. Rc1 c5 19. dxc5 Nxc5 20. Nxb5 axb5 21.
Nxc5 Nd7 22. b4 Nxc5 23. bxc5 Qa6 24. Rhd1 h6 25. Qb2 d4 26. exd4 Ra8 27. Rc2
Bd5 28. Bxb5 Qe6 29. Bxe8 Rxa2 30. Qb4 Rxc2 31. Kxc2 Qe2+ 32. Kc1 Qxe8 33. Re1
Qa8 34. Re5 Qa1+ 35. Kd2 Qa2+ 36. Ke3 Bc4 37. Kf3 f6 38. Re1 Bd5+ 39. Kg3 Qc2
40. Qb8+ 1-0

[Event "22nd ch-EUR Indiv 2022"]
[Site "Terme Catez SLO"]
[Date "2022.04.05"]
[Round "10.24"]
[White "Gharibyan, Mamikon"]
[Black "Indjic, Aleksandar"]
[Result "0-1"]
[WhiteTitle "IM"]
[BlackTitle "GM"]
[WhiteElo "2479"]
[BlackElo "2605"]
[WhiteFideId "13308300"]
[BlackFideId "911925"]
[EventDate "2022.03.27"]

1. d4 Nf6 2. c4 e6 3. Nf3 c5 4. d5 d6 5. Nc3 exd5 6. cxd5 g6 7. Bf4 Bg7 8. h3
O-O 9. e3 Ne8 10. Be2 Nd7 11. O-O Ne5 12. Nd2 Bd7 13. Bg3 f5 14. a4 Rb8 15. Ra3
a6 16. a5 Nc7 17. Qc2 Nb5 18. Raa1 g5 19. f4 gxf4 20. Bxf4 Ng6 21. Bh2 Be5 22.
Nc4 Bxh2+ 23. Kxh2 Qe7 24. Nb6 Ne5 25. Bd3 Nxc3 26. bxc3 Nxd3 27. Qxd3 Bb5 28.
c4 Be8 29. Rf4 Bg6 30. Raf1 Rbe8 31. R1f3 Rf7 32. Rg3 Qf6 33. Qc2 Kh8 34. Qd2
Qa1 35. Rgf3 Rfe7 36. Rg3 Re4 37. Rxe4 Rxe4 38. Rf3 Kg8 39. Kg3 Kf7 40. Rf4 Re8
41. Kf2 Ke7 42. Rf3 Kd8 43. Rf4 Kc7 44. Rf3 h5 45. Rf4 Bh7 46. Rf3 Re7 47. Qe1
Qf6 48. Rf4 Qb2+ 49. Kg1 Qe5 50. Kf2 Qb2+ 51. Kg1 Bg6 52. Rf3 Qf6 53. Qd2 Qe5
54. Kf2 Rg7 55. Kg1 Be8 56. Rf4 Rg8 57. Na8+ Kb8 58. Nb6 Rg3 59. Kf2 Rg7 60. Kg1
Rg8 61. Qe1 Qg7 62. Qd2 Qe5 63. Qe1 Qb2 64. Rf2 Qg7 65. Qd2 Qe5 66. Qb2 Qe7 67.
Rxf5 Bg6 68. Rf3 Be4 69. Qf6 Qxf6 70. Rxf6 Bxg2 71. h4 Bxd5+ 72. Kf2 Bc6 73.
Rxd6 Rg2+ 74. Kf1 Rg4 75. Rf6 Rxh4 76. Rf5 Rh1+ 77. Kf2 h4 78. Rxc5 Rh2+ 79. Ke1
Kc7 80. Rh5 Kd6 81. Nd5 Kc5 82. Ne7+ Kxc4 83. Ng6 h3 84. Nf4 Rh1+ 85. Kf2 h2 86.
Kg3 Rg1+ 87. Kxh2 Rh1+ 88. Kg3 Rxh5 89. Nxh5 Kb4 90. Kf2 Kxa5 91. Ke2 Kb4 92.
Kd2 Kb3 93. Nf6 Kb2 94. e4 a5 95. Nd5 a4 96. Nb6 Bb5 0-1

[Event "22nd ch-EUR Indiv 2022"]
[Site "Terme Catez SLO"]
[Date "2022.04.05"]
[Round "10.25"]
[White "Pechac, Jergus"]
[Black "Blohberger, Felix"]
[Result "1/2-1/2"]
[WhiteTitle "GM"]
[BlackTitle "GM"]
[WhiteElo "2599"]
[BlackElo "2504"]
[WhiteFideId "14926970"]
[BlackFideId "1632051"]
[EventDate "2022.03.27"]

1. d4 d5 2. c4 c6 3. Nf3 Nf6 4. e3 Bf5 5. Nc3 e6 6. Nh4 Be4 7. f3 Bg6 8. Qb3 Qb6
9. Nxg6 hxg6 10. Kf2 Nbd7 11. Qxb6 axb6 12. Bd2 Bd6 13. g3 dxc4 14. Bxc4 b5 15.
Bb3 Nb6 16. e4 e5 17. Be3 Nc4 18. Bxc4 bxc4 19. Rad1 Bb4 20. dxe5 Bxc3 21. bxc3
Rxa2+ 22. Rd2 Rxd2+ 23. Bxd2 Nd7 24. f4 Nc5 25. Kf3 Nd3 26. h4 O-O 27. Ra1 Rb8
28. Be3 c5 29. Ra7 b5 30. Rc7 b4 31. cxb4 cxb4 32. Rxc4 b3 33. Bd4 b2 34. Bxb2
Nxb2 35. Rd4 Rb3+ 36. Kg2 Nd3 37. Rc4 Ne1+ 38. Kf2 Nf3 39. Rc8+ Kh7 40. Rd8 Nh2
41. Rd7 Ng4+ 42. Kg2 Rb2+ 43. Kf1 Nf2 44. Rxf7 Nxe4 45. g4 Kg8 46. e6 Ng3+ 47.
Kg1 Ne2+ 48. Kf1 Nd4 49. Re7 Kf8 50. Rf7+ Kg8 51. Re7 Kh7 52. Re8 Re2 53. e7 Re4
54. Rd8 Rxe7 55. Rxd4 Re3 56. Kg2 Ra3 57. Re4 Rb3 58. Re5 Rb4 59. Kf3 Rb3+ 60.
Re3 Rb1 1/2-1/2

[Event "22nd ch-EUR Indiv 2022"]
[Site "Terme Catez SLO"]
[Date "2022.04.05"]
[Round "10.26"]
[White "Navara, David"]
[Black "Stefansson, Hannes"]
[Result "1/2-1/2"]
[WhiteTitle "GM"]
[BlackTitle "GM"]
[WhiteElo "2700"]
[BlackElo "2520"]
[WhiteFideId "309095"]
[BlackFideId "2300087"]
[EventDate "2022.03.27"]

1. d4 Nf6 2. Nf3 d5 3. c4 e6 4. Nc3 Nbd7 5. cxd5 exd5 6. Bg5 c6 7. e3 h6 8. Bh4
g5 9. Bg3 Nh5 10. Bd3 Nxg3 11. hxg3 Bg7 12. Qc2 Nb6 13. O-O-O Be6 14. Nd2 Qe7
15. Nb3 O-O-O 16. Nc5 Kb8 17. Kb1 h5 18. Qb3 Bc8 19. a4 Nd7 20. Nxd7+ Qxd7 21.
a5 Qc7 22. a6 b5 23. Na4 Bxa6 24. Rc1 Rh6 25. Nc5 Bc8 26. Qc2 Bf8 27. g4 Bxc5
28. Qxc5 Bxg4 29. f3 Bd7 30. Bxb5 Qa5 31. Bd3 Qxc5 32. Rxc5 f5 33. e4 fxe4 34.
fxe4 Bc8 35. e5 h4 36. b4 g4 37. b5 h3 38. bxc6 Kc7 39. Rf1 Be6 40. Ra5 Ra8 41.
gxh3 gxh3 42. Ra2 a5 43. Rff2 Rh4 44. Rf6 h2 45. Rxh2 Rxh2 46. Rxe6 Rg8 47. Rg6
Rxg6 48. Bxg6 Kxc6 49. Be8+ Kc7 50. Bf7 Rd2 51. Bxd5 Rxd4 52. Bf7 Re4 53. e6 Re2
54. Bg8 Kd6 55. Kc1 Rf2 56. Bf7 Rg2 57. Kb1 Re2 58. Kc1 Kc5 59. Kd1 Re4 60. Kc2
Kb4 61. Bg8 Re2+ 62. Kd3 Re1 63. Kd2 Re5 64. Kc2 Rc5+ 65. Kb2 Re5 66. Kc2 Rc5+
67. Kb2 Rg5 68. Bf7 Rg2+ 69. Kc1 Kc3 70. Kb1 Rg1+ 71. Ka2 Re1 72. Bg8 Kb4 73.
Kb2 Re2+ 74. Kc1 Kc3 75. Kb1 Kb3 76. Kc1 Ka2 77. Bf7 Ka1 78. Kd1 Re5 79. Kc2 a4
80. Kc3 a3 81. Bg8 a2 82. Bh7 Rxe6 83. Kb3 Re3+ 84. Kc2 Rg3 85. Be4 Rg4 86. Bh7
Rg2+ 87. Kc3 1/2-1/2

[Event "22nd ch-EUR Indiv 2022"]
[Site "Terme Catez SLO"]
[Date "2022.04.05"]
[Round "10.27"]
[White "Grandelius, Nils"]
[Black "Budisavljevic, Luka"]
[Result "1/2-1/2"]
[WhiteTitle "GM"]
[BlackTitle "GM"]
[WhiteElo "2663"]
[BlackElo "2519"]
[WhiteFideId "1710400"]
[BlackFideId "960047"]
[EventDate "2022.03.27"]

1. e4 e6 2. d4 d5 3. e5 c5 4. c3 Qb6 5. Nf3 Nc6 6. a3 Nh6 7. Bd3 cxd4 8. O-O Bd7
9. h3 Rc8 10. Re1 Be7 11. b4 Nf5 12. Bxf5 exf5 13. Nxd4 Nxd4 14. Be3 O-O 15.
Bxd4 Qc7 16. Nd2 Rfe8 17. Qf3 Be6 18. Nf1 a6 19. Ng3 Qd7 20. Nh5 Kh8 21. Red1
Rc4 22. Rd3 Rg8 23. Rad1 Qc6 24. Ng3 Qc8 25. Nf1 Bg5 26. Bc5 Rd8 27. Bb6 Re8 28.
a4 Qc6 29. a5 Rc8 30. Bd4 Re8 31. Qg3 Bh6 32. f4 Qb5 33. Ne3 Rc7 34. Qf3 Rec8
35. Bc5 Rxc5 36. bxc5 Qxc5 37. c4 d4 38. Rxd4 g6 39. Rd8+ Rxd8 40. Rxd8+ Bf8 41.
g4 Kg8 42. gxf5 Bxf5 43. Rd1 Bc2 44. Rd5 Qa3 45. Qf2 Be4 46. Rd8 Qxa5 47. Qd2
Qa1+ 48. Kf2 Qh1 49. Rxf8+ Kxf8 50. Qd8+ Kg7 51. Qf6+ Kf8 52. Qd8+ Kg7 53. Qf6+
Kf8 1/2-1/2

[Event "22nd ch-EUR Indiv 2022"]
[Site "Terme Catez SLO"]
[Date "2022.04.05"]
[Round "10.28"]
[White "Nasuta, Grzegorz"]
[Black "Sargsyan, Shant"]
[Result "0-1"]
[WhiteTitle "GM"]
[BlackTitle "GM"]
[WhiteElo "2518"]
[BlackElo "2639"]
[WhiteFideId "1141686"]
[BlackFideId "13306766"]
[EventDate "2022.03.27"]

1. e4 c5 2. Nf3 Nc6 3. d4 cxd4 4. Nxd4 Nf6 5. Nc3 d6 6. f3 e5 7. Nb3 Be7 8. Be3
Be6 9. Nd5 Bxd5 10. exd5 Nb4 11. c4 a5 12. Qd2 b6 13. a3 Na6 14. O-O-O Nc5 15.
Nxc5 bxc5 16. g4 Qb6 17. Qc2 Rb8 18. h4 O-O 19. Bd2 Rfe8 20. Rh2 a4 21. Re1 Qa6
22. Bd3 Kf8 23. g5 Nh5 24. Bf5 Rb3 25. Bg4 Reb8 26. Bc3 Nf4 27. Qxh7 Bxg5 28.
hxg5 Qxc4 29. Rc2 Nd3+ 30. Kd2 Nxb2 31. Bxe5 Qxd5+ 32. Ke2 dxe5 33. Rd2 Re3+ 34.
Kxe3 Nc4+ 35. Kf2 Qxd2+ 36. Re2 Qd4+ 37. Kg2 Rb2 38. Rxb2 Qxb2+ 39. Kh3 Ne3 40.
Qh8+ Ke7 41. Qc8 Qg2+ 42. Kh4 Qh2+ 43. Bh3 Ng2+ 44. Kh5 Qxh3+ 0-1